| 000 | 01157cam a22002531i 4500 | ||
|---|---|---|---|
| 003 | SA-RiAUC | ||
| 005 | 20250909115504.0 | ||
| 008 | 250907s2000 ts g 000 0dara c | ||
| 040 |
_aJO-AmJU _bara _cSA-RiAUC _erda |
||
| 082 | 0 | 4 |
_a242 _qSA-RiAUC |
| 090 |
_a242 _b ا ب ن د |
||
| 100 | 1 |
_aابن دحية الكلبي، عمر بن الحسن بن علي، _d544-633 هجري _eمؤلف. |
|
| 245 | 1 | 2 |
_aالآيات البينات في ذكر ما في أعضاء الرسول الله صلى الله عليه وسلم من المعجزات / _cعمر بن الحسن بن دحية الكلبي ؛ تحقيق جمال عزون. |
| 264 | 1 |
_aالشارقة، الإمارات العربية المتحدة : _bمكتبة العمرين العلمية، _c2000 |
|
| 300 |
_a513 صفحة؛ _c24 سم. |
||
| 336 |
_aنص _btxt _2rdacontent _3كتاب |
||
| 337 |
_aبدون وسيط _bn _2rdamedia |
||
| 338 |
_aمجلد _bnc _2rdacarrier |
||
| 650 | 7 |
_aمعجزات النبي _2aucsh |
|
| 650 | 7 |
_aالسيرة النبوية _2aucsh |
|
| 700 | 1 |
_aعزون، جمال _eمحقق. |
|
| 942 |
_2ddc _cBOOK _n0 |
||
| 949 |
_aSA-JeALM _d250907 _umohamedma123 _n1 |
||
| 999 |
_c11539 _d11539 |
||